00828nam a22002537a 4500003000200000005001700002008000200019010001300021020002600034035002300060037001600083040001500099082002000114100001800134245014400152260004000296270004200336300002600378500004600404650003500450650004600485700002200531700002100553020180804113612.00 aB-168491 c900.00a9781563089923 aB-168491, B-168492 bCen Lib/Ret aDPLbENc0 a025.197092bHER aHernon, Peter aThe next library leadership :cby Peter Hernon, Ronald R.Powell [and] Arthur P.YoungbAttributes of academic and public library directors / aWestportbLibraries Unlimitedc2005 a88, Post Road WestbWestporteCT06881 axi,192p. c22cm (pbk) aIncludes bibliography reference and index aLibrary directors-United staes aAcademic library directors- United states aPowell, Ronald R. aYoung, Arthur P.